11. mezinárodní symposium o rozvoji reprografie v socialistických zemích Praha, 10.-12. dubna 1989

Salvato in:
Dettagli Bibliografici
Natura: Libro
Lingua:ceco
Pubblicazione: Praha Dům techn. ČSVTS 1989
Edizione:1. vyd.
Tags: Aggiungi Tag
Nessun Tag, puoi essere il primo ad aggiungerne!!

MARC

LEADER 00000nam a2200000 4500
001 c026700
005 20221206131731.8
041 0 |a cze 
044 |a CZ 
245 1 0 |a 11. mezinárodní symposium o rozvoji reprografie v socialistických zemích  |b Praha, 10.-12. dubna 1989 
250 |a 1. vyd. 
264 1 |a Praha  |b Dům techn. ČSVTS  |c 1989 
300 |a 16 s.